Welsh-Language Ps & Qs - Statistics

General Stats
  • This quiz has been taken 456 times
  • The average score is 11 of 18
Answer Stats
Cymraeg English % Correct
Helo Hello
99%
Sut wyt ti? How are you?
86%
Bore da Good morning
83%
Nos da Goodnight
81%
Diolch Thank you
81%
Prynhawn da Good afternoon
78%
Noswaith dda Good evening
77%
Croeso Welcome
72%
Hwyl fawr Goodbye
68%
Diolch yn fawr iawn Thank you very much
59%
Os gwelech yn dda Please
58%
Penblwydd hapus Happy birthday
53%
Nadolig llawen Merry Christmas
48%
Sut y gallaf eich helpu? How can I help you?
43%
Iechyd da Good health (Cheers)
42%
Dydd gŵyl Ddewi hapus Happy St. David's Day
41%
Sut mae tywydd heddiw? How is the weather today?
26%
Mae'n ddrwg gen i Sorry
21%
No matching quizzes found
Score Distribution
Percent of People with Each Score
Percentile by Number Answered
Your Score History
You have not taken this quiz